000 00709nam a2200241 i 4500
001 bgj
100 1 _aKUNDERA, Milan.
245 1 0 _aDie unerträgliche Leichtigkeit des Seins :
_bRoman/
_cMilan Kundera ; aus dem Tschechischen von Susanna Roth.
260 _aFrankfurt am Main :
_bFischer Taschenbuch Verlag,
_c1988.
300 _a300, [1] s. ;
_c18 cm.
490 1 _aFischer Taschenbücher
_v5992
650 9 _aPowieść czeska
700 1 _aROTH, Susanna.
830 _aFischer Taschenbücher
020 _a3596259924041
040 _cBPK
041 0 _ager
_hcze
044 _aDEU
080 _a821.162.3
920 _a3-596-25992-4
942 _cKS
008 s gw f |000 0 ger
999 _c50631
_d50631
856 _uhttp://koha.tu.koszalin.pl/cgi-bin/koha/opac-detail.pl?biblionumber=50631
_yKatalog online BPK